Nákladové účtovníctvo praktikum
Gespeichert in:
| 1. Verfasser: | |
|---|---|
| Körperschaft: | |
| Weitere Verfasser: | , |
| Format: | Buch |
| Sprache: | Slowakisch |
| Veröffentlicht: |
Bratislava
Letra Edu
2018
|
| Schlagworte: | |
| Tags: |
Keine Tags, Fügen Sie das erste Tag hinzu!
|
MARC
| LEADER | 00000nam a2200000 4500 | ||
|---|---|---|---|
| 001 | 0247006 | ||
| 005 | 20240502073948.0 | ||
| 020 | |a 978-80-89962-00-6 | ||
| 020 | |a 978-80-972866-9-9 | ||
| 041 | 0 | |a slo | |
| 044 | |a SK | ||
| 245 | 1 | 0 | |a Nákladové účtovníctvo |b praktikum |c Daša Mokošová ; recenzovali: Renáta Antalová, Miloš Sklenka |
| 264 | 1 | |a Bratislava |b Letra Edu |c 2018 | |
| 300 | |a 150 s. [5,1 AH] | ||
| 610 | 2 | 0 | |a účtovníctvo nákladové |
| 610 | 2 | 0 | |a informácie účtovné |
| 610 | 2 | 0 | |a podnikanie |
| 610 | 2 | 0 | |a manažéri |
| 610 | 2 | 0 | |a rozhodovanie |
| 610 | 2 | 0 | |a náklady |
| 610 | 2 | 0 | |a účtovanie nákladov |
| 610 | 2 | 0 | |a účtovníctvo vnútropodnikové |
| 610 | 2 | 0 | |a podnik |
| 610 | 2 | 0 | |a metódy kalkulačné |
| 610 | 2 | 0 | |a výrobky |
| 610 | 2 | 0 | |a oceňovanie |
| 610 | 2 | 0 | |a metódy ohodnocovania |
| 610 | 2 | 0 | |a IFRS |
| 610 | 2 | 0 | |a IAS |
| 100 | 1 | |a Mokošová, Daša, 1979- | |
| 700 | 1 | |a Antalová, Renáta | |
| 700 | 1 | |a Sklenka, Miloš | |
| 710 | 2 | |a Ekonomická univerzita v Bratislave. Fakulta hospodárskej informatiky | |